| 000 | nam a22 7a 4500 | ||
|---|---|---|---|
| 999 |
_c18235 _d18235 |
||
| 008 | 161203b xxu||||| |||| 00| 0 eng d | ||
| 020 | _a 015582600X | ||
| 050 | _aPN 1042 .P47 1969 | ||
| 100 | _aPerrine, Laurence. | ||
| 245 |
_aSound and sence\ _cLawrence Perrine. |
||
| 250 | _a3rd ed. | ||
| 260 |
_aNewYork : _bHarcourt,Brace and World, _c1969. |
||
| 300 |
_axxii,372p. : _bill. ; |
||
| 500 | _aInclude index. | ||
| 650 | _aPoetics. | ||
| 650 | _aAmerican poetry. | ||
| 650 | _aEnglish poetry. | ||
| 942 |
_2lcc _cBOOKS _hPN 1042 .P47 1969 |
||